Loading...
Video violence and children
| Main Authors: | , |
|---|---|
| Udgivet: |
London, Hodder and Stoughton
1985
|
| Fag: |
| LEADER | 004710000a22001570004500 | ||
|---|---|---|---|
| 020 | |a 0-340-38917-6 | ||
| 082 | |a 001.51 M5 | ||
| 100 | |a Barlow, Geoffrey | ||
| 100 | |a Hill, Alison | ||
| 245 | |a Video violence and children | ||
| 260 | |a London, Hodder and Stoughton | ||
| 260 | |c 1985 | ||
| 650 | |a Children | ||
| 650 | |a Video recording | ||
| 999 | |c 89017 |d 89017 | ||
| 952 | |0 0 |1 0 |4 0 |6 001_510000000000000_M5 |7 0 |9 81352 |a SBES |b SBES |d 2016-08-12 |l 0 |o 001.51 M5 |p SBES00247 |r 2016-08-12 |w 2016-08-12 | ||